Easy General Knowledge Quiz #1 - Statistics

General Stats
  • This quiz has been taken 368 times
  • The average score is 11 of 20
Answer Stats
Question Answer % Correct
What green plant is often associated with good luck? Four-Leafed Clover
86%
What element on the periodic table has a chemical symbol of Au? Gold
82%
What is the capital of India? New Delhi
80%
What is the largest animal on Earth? Blue Whale
73%
What Greek beast could turn someone into stone with her stare? Medusa
71%
What color is the opposite of purple on the color wheel? Yellow
71%
What muscle is on the opposite side of your triceps? Biceps
68%
What metal when combined with carbon makes steel? Iron
66%
What is the last name of Spongebob Squarepant's best friend? Patrick {Star}
62%
Chlorine along with what element makes table salt? Sodium
59%
What is the first name of the person who invented the auto assembly line? {Henry} Ford
58%
What landform in Egypt has the head of a man and body of a lion? Sphinx
58%
In the equation E = mc^2,what does the E stand for? Energy
56%
Which country was the capital of the Ottoman Empire located in? Turkey
51%
What does MLB stand for? Major League Baseball
49%
Who is the Norse king of Asgard and all the gods? Odin
41%
What was the first satelite in space? Sputnik 1
32%
What type of numbers are √2 and π considered to be? Irrational
28%
What was the French and Indian war also known as? Seven Years War
10%
What type of grassland are Pampas, Prairies, and Savannas? Tropical
3%
No matching quizzes found
Score Distribution
Percent of People with Each Score
Percentile by Number Answered
Your Score History
You have not taken this quiz